[Event "Athens of East GM-Open 2019"]
[Site "Madurai"]
[Date "2019.08.12"]
[Round "2.8"]
[White "Shyaamnikhil P"]
[Black "Aditya Varun Gampa"]
[Result "1-0"]
[WhiteElo "2456"]
[BlackElo "1918"]
[Annotator "TA"]
[PlyCount "97"]
[EventDate "2019.08.11"]
[EventType "swiss"]
[EventCountry "IND"]
[SourceTitle "playchess.com"]
[Source "ChessBase"]
[SourceQuality "1"]

{[%evp 14,113,42,43,34,23,56,32,50,33,27,21,30,31,60,83,60,56,89,104,96,46,99,81,106,115,96,117,129,132,154,129,136,123,122,120,119,114,109,110,177,174,161,161,168,152,160,165,175,175,179,174,184,185,186,179,210,210,210,210,210,154,210,155,210,131,210,160,456,456,392,385,479,475,475,210,455,181,461,323,375,312,932,904,1006,1015,967,898,1310,1169,2010,1838,29977,29978,29977,29978,29977,29976,29948,11398,29982,29983]} 1. e4 c6 2. d4 d5 3. Nd2 dxe4 4. Nxe4 Nf6 5. Nxf6+ exf6 6. c3 Bd6 7. Bd3 O-O 8. Qc2 Re8+ {B15: Caro-Kann: 3 Nc3: 3...g6 and 3...dxe4 4 Nxe4 Nf6 5 Nxf6+ exf6} 9. Ne2 (9. Be3 h6 10. Ne2 Na6 11. O-O Nc7 12. c4 Bg4 13. h3 Bxe2 14. Bxe2 Ne6 15. Rad1 Qc7 16. Bg4 Rad8 17. Rfe1 Bf4 18. Bxf4 Nxf4 19. Rxe8+ Rxe8 {½-½ (58) Svidler,P (2756)-Carlsen,M (2839) Porto Carras 2018}) 9... h5 10. O-O h4 {White is slightly better.} 11. h3 Nd7 12. Bd2 Nf8 13. Rae1 Qc7 {[#]} 14. c4 $146 ({Predecessor:} 14. Kh1 Bd7 15. Ng1 Rad8 16. Nf3 {½-½ (80) Nasuta,G (2520)-Hirneise,T (2472) Legnica 2018}) 14... Be6 15. f4 {Black must now prevent c5.} c5 16. d5 Bd7 17. Rf3 Re7 (17... a6 $14) 18. Ref1 f5 19. Nc3 g6 20. Nd1 Nh7 21. Bc3 Ree8 22. b3 Be7 23. Be5 Bd6 24. Bxd6 Qxd6 25. Qf2 Nf6 26. Qxh4 Ne4 (26... b6 $16 {was called for.} 27. Qg5 Kg7) 27. Bxe4 $18 Rxe4 28. Nc3 Re7 29. Re1 Rae8 30. Rxe7 Rxe7 31. Qf2 b6 32. Re3 Rxe3 33. Qxe3 f6 34. a3 a5 35. Kf2 Kf7 36. Kg3 Kg7 37. Ne2 Kf7 (37... a4 $16 38. Kf2 Kf7 39. bxa4 Bxa4) 38. Kf2 Bc8 (38... a4 $16 {keeps fighting.} 39. bxa4 Bxa4) 39. Nc1 Bd7 (39... a4 $16) 40. Nd3 Qe7 $2 {[#]} (40... a4 $16 {is a better defense.}) 41. Qxe7+ Kxe7 {[%mdl 4096] Endgame KB-KN} 42. a4 Kd6 43. Kg3 Be8 44. Nb2 (44. h4 $142 Bd7 45. Kf2) 44... Bf7 $2 (44... g5 45. Kf3 Kd7) 45. Kf3 $2 (45. Nd1 Be8 46. Ne3) 45... Bg8 $2 (45... g5 46. Ke3 Bh5) 46. Nd1 Bf7 47. Ne3 Bg8 $2 (47... Be8 48. h4 Bd7) 48. h4 Bf7 {[#]} 49. g4 {Played: h4-h5} 1-0

[Event "Athens of East GM-Open 2019"]
[Site "Madurai"]
[Date "2019.08.12"]
[Round "2.9"]
[White "Mushini Ajay"]
[Black "Khusenkhojaev, Muhammad"]
[Result "0-1"]
[WhiteElo "1980"]
[BlackElo "2441"]
[Annotator "TA"]
[PlyCount "56"]
[EventDate "2019.08.11"]
[EventType "swiss"]
[EventCountry "IND"]
[SourceTitle "playchess.com"]
[Source "ChessBase"]
[SourceQuality "1"]

{[%evp 14,56,21,9,30,54,35,43,47,21,46,16,24,15,25,-4,0,0,12,-4,0,-15,14,0,1,-152,-152,-154,-159,-150,-92,-95,-98,-95,-83,-124,-114,-123,-117,-442,-442,-573,-539,-547,-535]} 1. e4 Nf6 2. e5 Nd5 3. d4 d6 4. c4 Nb6 5. exd6 cxd6 6. Nc3 g6 7. Be3 Bg7 8. Qd2 d5 {B03: Alekhine's Defence: Four Pawns Attack} 9. c5 Nc4 10. Bxc4 $1 dxc4 {White is slightly better.} 11. Nge2 b6 $146 ({Predecessor:} 11... Nc6 12. b3 Be6 13. bxc4 Bxc4 14. Rb1 Qd7 15. O-O O-O 16. Rfd1 {0-1 (31) Remling,H-Konopka,M (2441) Griesheim 2002}) 12. d5 {next c6 is good for White.} bxc5 13. Bxc5 Nd7 14. Be3 Nf6 15. O-O O-O 16. Rfd1 Bb7 17. Ng3 Re8 18. Bh6 Bh8 19. Nf5 $2 (19. Nf1 $11) 19... e6 $17 20. Ne3 {[#]} Nxd5 $1 21. Nxc4 {[#]} Nxc3 (21... Ba6 $142 $1 {[%cal Ra6c4]} 22. Nxd5 exd5) 22. bxc3 {With the idea Nd6.} Qxd2 23. Bxd2 Red8 $40 {[%mdl 128] Black attacks with force.} 24. Na5 {[#]} Rxd2 $1 {[%mdl 576] Remove Defender, Decoy} 25. Rxd2 Bxc3 {[%mdl 64] Double Attack} 26. Rd7 $2 {[%mdl 8192]} (26. Nxb7 $17 {is more resistant.} Bxd2 27. g3) 26... Bd5 $19 {Black is clearly winning.} ({Not} 26... Bxa1 27. Nxb7 Rc8 28. g3 $17) 27. Nb3 Bxa1 28. Nxa1 Rc8 {Accuracy: White = 14%, Black = 58%.} 0-1

[Event "Athens of East GM-Open 2019"]
[Site "Madurai"]
[Date "2019.08.12"]
[Round "2.10"]
[White "Arnav Maheshwari"]
[Black "Das, Sayantan"]
[Result "0-1"]
[WhiteElo "1966"]
[BlackElo "2409"]
[Annotator "TA"]
[PlyCount "54"]
[EventDate "2019.08.11"]
[EventType "swiss"]
[EventCountry "IND"]
[SourceTitle "playchess.com"]
[Source "ChessBase"]
[SourceQuality "1"]

{[%evp 11,80,36,33,16,35,25,37,42,57,19,33,27,29,-14,-2,-14,-7,-9,-6,-29,-22,-18,-19,-37,0,-17,0,0,0,-16,0,0,0,-9,-10,-18,-12,-24,-14,-87,-94,-81,0,-109,-105,-102,-83,-165,-162,-159,-170,-144,-112,-201,-197,-321,-226,-809,-798,-768,-778,-683,-679,-817,-813,-845,-824,-29977,-29978,-29998,-29999]} 1. e4 e6 2. d4 d5 3. Nd2 dxe4 4. Nxe4 Nd7 5. Nf3 Ngf6 6. Nxf6+ Nxf6 7. Bb5+ {C10: French with 3 Nc3: Unusual Black 3rd moves and 3...dxe4} (7. Be3 Bd6 8. Bd3 O-O 9. Qe2 b6 10. O-O-O Bb7 11. Kb1 c5 12. Bg5 h6 13. Bh4 Rc8 14. Rhe1 Bxf3 15. Qxf3 {0-1 (36) Anand,V (2774)-Meier,G (2628) Karlsruhe/Baden Baden 2019}) 7... c6 8. Bd3 Bd6 9. O-O {White is slightly better.} Qc7 10. Bg5 b6 11. Bh4 $146 ({Predecessor:} 11. Bxf6 gxf6 12. Qe2 Bb7 13. c3 O-O-O 14. Rad1 {½-½ (53) Malm,A-McGee,P IECC email 1997}) 11... Bb7 12. Bg3 O-O 13. Qe2 Bxg3 14. hxg3 Rad8 15. c3 c5 16. dxc5 Qxc5 17. Rad1 Rd5 18. Ba6 Ba8 19. Rxd5 Bxd5 20. Bd3 a5 21. Rd1 g6 22. c4 Bxf3 23. gxf3 Rd8 24. Qc2 h5 25. a3 {[#]} (25. Bf1 $11 Rd4 26. a3) 25... h4 $1 $17 {[%cal Rh4g3][%mdl 512]} 26. g4 (26. gxh4 Rd4) 26... h3 (26... e5 $17) 27. Re1 (27. Kh2 $1 $11) 27... Qc6 {Played: Qc5-g5} 0-1

[Event "Athens of East GM-Open 2019"]
[Site "Madurai"]
[Date "2019.08.12"]
[Round "2.11"]
[White "Harshavardhan G B"]
[Black "Pattnayak Nilsu"]
[Result "1/2-1/2"]
[WhiteElo "2391"]
[BlackElo "1967"]
[Annotator "TA"]
[PlyCount "127"]
[EventDate "2019.08.11"]
[EventType "swiss"]
[EventCountry "IND"]
[SourceTitle "playchess.com"]
[Source "ChessBase"]
[SourceQuality "1"]

{[%evp 17,127,11,27,27,32,31,39,32,85,39,33,25,37,37,68,-173,-186,-164,-168,-158,-166,-159,-160,-187,-145,-181,-134,-143,-122,-133,-95,-82,-93,-118,-88,-88,-41,-34,-52,-35,-41,-43,-33,-37,0,-77,-48,-99,-110,-94,-65,-75,-75,-72,-49,-32,0,0,0,0,0,0,0,0,0,0,0,0,0,0,0,0,0,0,0,0,0,0,756,0,0,0,0,0,0,0,0,0,0,0,0,0,0,0,0,0,0,0,0,0,0,0,0,0,0,0,0,0,0,0,8,8]} 1. d4 Nf6 2. c4 e6 3. Nf3 Bb4+ 4. Nbd2 O-O 5. a3 Bxd2+ 6. Qxd2 b6 7. g3 Bb7 8. Bg2 d6 9. O-O Nbd7 10. b4 {E11: Bogo-Indian} a5 11. Bb2 Ne4 $146 ({Predecessor:} 11... axb4 12. axb4 Be4 13. Qc3 b5 14. c5 Nd5 15. Qb3 N7f6 16. Rfc1 Ne7 17. cxd6 {½-½ (17) Delchev,A (2572)-Nisipeanu,L (2666) Andorra 2003}) 12. Qc2 {White is slightly better.} f5 (12... Nef6 $14) 13. Ne1 axb4 14. axb4 Rxa1 15. Bxa1 Qg5 {[#]} 16. f3 $2 (16. d5 $1 $14 {[%mdl 512]}) 16... Qe3+ $19 17. Kh1 {[#]} Nf2+ $1 18. Rxf2 Qxf2 19. Qd2 {[#] And now Nd3 would win.} f4 $1 20. gxf4 Qh4 21. Nd3 d5 22. cxd5 exd5 23. b5 c6 24. bxc6 Bxc6 25. Qb4 Re8 26. Bf1 Re6 27. Bc3 Rh6 {[%csl Gh6][%cal Rh4h2]} 28. h3 Re6 29. Be1 Qe7 30. Qb2 b5 31. Ne5 (31. f5 $11 Re3 32. Qc1 Rxd3 33. exd3) 31... Nxe5 $17 32. fxe5 (32. dxe5 $15 Qf7 33. Qd4) 32... Qg5 33. Bf2 Rh6 34. Qc3 {Be3 is the strong threat.} Qf5 35. Qb3 Qf7 36. Bg2 Bd7 37. f4 $1 Be6 38. Qxb5 Bxh3 ({Not} 38... Qxf4 $2 {[#]} 39. Be3 $1 $18 {[%mdl 512]}) 39. Bxh3 Rxh3+ $11 {[%mdl 4096] Endgame KQR-KQB} 40. Kg2 Rh6 41. Qb8+ Qf8 42. Qb7 Qd8 43. e4 dxe4 44. Qxe4 Rg6+ 45. Kf3 Qa5 46. f5 Rh6 47. e6 {Threatening mate with e7.} Qc3+ $2 {[%mdl 8192]} (47... Qa3+ $11 48. Kf4 Rh2) 48. Kg2 $2 ({Only move:} 48. Be3 $18 Qa1 49. Bxh6 Qh1+ 50. Kf4 Qh4+ 51. Ke5 Qf6+ 52. Kd5 Qd8+ 53. Kc4 gxh6 54. Qb7) 48... Qh3+ $1 {The position is equal.} 49. Kg1 {[%cal Re4a8]} Qh2+ $1 50. Kf1 {White wants to mate with Qa8+.} Qh1+ $1 51. Qxh1 Rxh1+ {KR-KB} 52. Kg2 Rh5 53. d5 {Strongly threatening d6.} Rxf5 54. d6 Kf8 $1 55. Bb6 Rd5 56. Bc7 Ke8 57. Kf3 h5 58. Ke4 Rd1 59. Kf5 h4 60. d7+ Ke7 {aiming for ...h3.} 61. Kg6 h3 62. d8=Q+ Rxd8 63. Bxd8+ Kxe6 {( -> ...h2)} (63... Kxd8 $5 64. Kf7 $8 h2 65. e7+ Kc7 $11) 64. Bc7 {Accuracy: White = 74%, Black = 58%.} 1/2-1/2

[Event "Athens of East GM-Open 2019"]
[Site "Madurai"]
[Date "2019.08.12"]
[Round "2.12"]
[White "Jain Kashish Manoj"]
[Black "Muthaiah AL"]
[Result "0-1"]
[WhiteElo "1970"]
[BlackElo "2384"]
[Annotator "TA"]
[PlyCount "70"]
[EventDate "2019.08.11"]
[EventType "swiss"]
[EventCountry "IND"]
[SourceTitle "playchess.com"]
[Source "ChessBase"]
[SourceQuality "1"]

{[%evp 14,70,25,0,0,0,38,35,67,63,84,23,32,-35,-35,-30,-14,-7,-27,-29,-27,-19,43,-57,-68,-70,-67,-69,-65,-120,-116,-148,-133,-277,-270,-251,-193,-199,-137,-188,-142,-277,-287,-335,-337,-334,-311,-506,-461,-1168,-1152,-1047,-890,-29986,-29978,-5581,-2497,-29988,-29989]} 1. Nf3 Nf6 2. g3 d5 3. Bg2 g6 4. O-O Bg7 5. d3 O-O 6. Nc3 Nc6 7. e4 e5 8. Bg5 d4 $1 {[%cal Rd4c3] A07: Réti Opening: New York and Capablanca Systems} 9. Nd5 (9. Ne2 h6 10. Bd2 a5 11. h3 Be6 12. Kh2 Nd7 13. Nfg1 Kh7 14. f4 exf4 15. gxf4 f5 16. e5 {1-0 (40) Rozentalis,E (2570)-Rausis,I (2551) Upplands Vasby 2000}) 9... Be6 10. Re1 Kh8 $146 {White is slightly better.} ({Predecessor:} 10... h6 11. Nxf6+ Bxf6 12. Bxh6 Bg7 13. Qd2 Qd6 14. Bxg7 Kxg7 15. Ng5 Bd7 16. f4 {1-0 (41) Marsak,V (2067)-Pristalov,E (1843) Kstovo 2008}) 11. Qd2 Bg4 12. Nh4 (12. c4 $16) 12... Qd6 $11 13. f4 (13. c4 $14) 13... Ng8 $1 $15 {Hoping for ...f6.} 14. h3 Bd7 15. Nf3 f6 16. Bh4 Nd8 $1 {[%cal Bc6d8,Bd8e6,Be6f4][%mdl 32]} 17. c3 c6 (17... dxc3 $11 18. bxc3 (18. Qxc3 Ne6 $15) 18... Ne6) 18. Nb4 (18. Nxf6 $1 $14 Bxf6 19. cxd4 Bxh4 20. dxe5) 18... a5 {Threatens to win with ...dxc3.} 19. Nc2 $1 {[%cal Rc3d4]} c5 20. g4 Ne6 $36 {[%mdl 2048] Black is pushing.} 21. f5 (21. fxe5 $15 fxe5 22. Rf1) 21... Bh6 $17 22. Qd1 Nf4 23. c4 (23. fxg6 $17 hxg6 24. c4) 23... gxf5 $19 24. exf5 Nxg2 25. Kxg2 Bc6 ({Better is} 25... Ne7 $19 26. Kg1 Bc6) 26. Kf2 (26. Bg3 $17) 26... Bf4 27. Na3 (27. Nd2 $17 {was called for.}) 27... Be3+ 28. Kf1 e4 29. dxe4 Qf4 {aiming for ...h5.} 30. Kg2 $2 (30. Nc2 h5 31. Bf2 Bxf2 32. Kxf2 Bxe4 {[#]} 33. Rxe4 $1 {[%mdl 512]} Qxe4 34. Qd2) 30... Qxe4 31. Qe2 (31. Nb5 $142 h5 32. Nd6) 31... Nh6 {White must now prevent ...Nxg4!} 32. Nc2 {[#]} Nxf5 $1 {[%mdl 512]} 33. gxf5 Qxh4 34. Nxe3 dxe3 35. Qxe3 Rg8+ {Accuracy: White = 28%, Black = 72%.} 0-1

[Event "Athens of East GM-Open 2019"]
[Site "Madurai"]
[Date "2019.08.12"]
[Round "2.13"]
[White "Konguvel, Ponnuswamy"]
[Black "Gias Uddin, Ahmed"]
[Result "1-0"]
[WhiteElo "2343"]
[BlackElo "1984"]
[Annotator "ChessBase"]
[PlyCount "70"]
[EventDate "2019.08.11"]
[EventType "swiss"]
[EventCountry "IND"]
[SourceTitle "playchess.com"]
[Source "ChessBase"]
[SourceQuality "1"]
[TimeControl "5400+30"]

1. e4 {[%emt 0:00:00]} c5 {[%emt 0:00:00]} 2. Nf3 {[%emt 0:00:16]} d6 {[%emt 0:00:00]} 3. d4 {[%emt 0:00:15]} cxd4 {[%emt 0:00:05]} 4. Nxd4 {[%emt 0:00:04]} Nf6 {[%emt 0:00:05]} 5. Nc3 {[%emt 0:00:04]} a6 {[%emt 0:00:07]} 6. h3 {[%emt 0:00:46]} b5 {[%emt 0:00:18]} 7. g4 {[%emt 0:01:57]} Bb7 {[%emt 0:00:58]} 8. Bg2 {[%emt 0:00:37]} e6 {[%emt 0:01:55]} 9. g5 {[%emt 0:04:50]} b4 {[%emt 0:02:24]} 10. gxf6 {[%emt 0:01:26]} bxc3 {[%emt 0:00:07]} 11. fxg7 {[%emt 0:00:13]} Bxg7 {[%emt 0:00:22]} 12. bxc3 {[%emt 0:00:09]} Qc7 {[%emt 0:05:54]} 13. Bd2 {[%emt 0:07:24]} Nd7 {[%emt 0:07:34]} 14. O-O {[%emt 0:12:08]} Nc5 {[%emt 0:02:17]} 15. Re1 {[%emt 0:02:13]} h5 {[%emt 0:10:59]} 16. Rb1 {[%emt 0:06:35]} Bf6 {[%emt 0:05:29]} 17. Qf3 {[%emt 0:14:10]} Be7 {[%emt 0:02:38]} 18. Qe2 {[%emt 0:08:27]} O-O-O {[%emt 0:05:47]} 19. Nb3 {[%emt 0:00:24]} Rdg8 {[%emt 0:06:35]} 20. Nxc5 {[%emt 0:00:20]} dxc5 {[%emt 0:00:42]} 21. Kh1 {[%emt 0:11:01]} f5 {[%emt 0:07:17]} 22. Qf1 {[%emt 0:07:18]} f4 {[%emt 0:01:02]} 23. Qc4 {[%emt 0:03:53]} Rg6 {[%emt 0:08:17]} 24. Bf3 {[%emt 0:00:09]} Bh4 {[%emt 0:07:35]} 25. Rg1 {[%emt 0:01:55]} Rxg1+ {[%emt 0:02:23]} 26. Rxg1 {[%emt 0:00:02]} Qd6 {[%emt 0:09:00]} 27. Be1 {[%emt 0:00:48]} Rh6 {[%emt 0:05:03]} 28. Rg8+ {[%emt 0:02:58]} Bd8 {[%emt 0:00:16]} 29. Qd3 {[%emt 0:07:47]} Qc7 {[%emt 0:01:12]} 30. e5 {[%emt 0:01:22]} Bxf3+ {[%emt 0:01:37]} 31. Qxf3 {[%emt 0:00:02]} Rh7 {[%emt 0:03:21]} 32. Qa8+ {[%emt 0:01:36]} Kd7 {[%emt 0:00:15]} 33. Qxa6 {[%emt 0:02:16]} Be7 {[%emt 0:01:54]} 34. Qd3+ {[%emt 0:00:13]} Kc6 {[%emt 0:00:19]} 35. Qxh7 {[%emt 0:00:13]} Kd5 {[%emt 0:03:43]} 1-0

[Event "Athens of East GM-Open 2019"]
[Site "Madurai"]
[Date "2019.08.12"]
[Round "2.14"]
[White "Sooraj M R"]
[Black "Rajesh, V A V"]
[Result "*"]
[WhiteElo "1934"]
[BlackElo "2368"]
[Annotator "ChessBase"]
[PlyCount "50"]
[EventDate "2019.08.11"]
[EventType "swiss"]
[EventCountry "IND"]
[SourceTitle "playchess.com"]
[Source "ChessBase"]
[SourceQuality "1"]
[TimeControl "5400+30"]

1. e4 {[%emt 0:00:00]} e5 {[%emt 0:00:00]} 2. Nc3 {[%emt 0:00:00]} Nf6 {[%emt 0:02:49]} 3. Bc4 {[%emt 0:00:01]} Bc5 {[%emt 0:02:14]} 4. d3 {[%emt 0:00:14]} c6 {[%emt 0:04:42]} 5. Qf3 {[%emt 0:02:32]} d6 {[%emt 0:01:55]} 6. Nge2 {[%emt 0:05:34]} Be6 {[%emt 0:02:23]} 7. Be3 {[%emt 0:05:29]} Bb4 {[%emt 0:03:56]} 8. a3 {[%emt 0:03:32]} Ba5 {[%emt 0:00:14]} 9. Bxe6 {[%emt 0:06:16]} fxe6 {[%emt 0:00:04]} 10. Qh3 {[%emt 0:00:08]} Qe7 {[%emt 0:00:06]} 11. f4 {[%emt 0:00:53]} Nbd7 {[%emt 0:00:15]} 12. O-O {[%emt 0:00:40]} O-O {[%emt 0:03:11]} 13. f5 {[%emt 0:03:12]} exf5 {[%emt 0:04:36]} 14. Rxf5 {[%emt 0:05:05]} Bb6 {[%emt 0:01:29]} 15. Bxb6 {[%emt 0:00:55]} axb6 {[%emt 0:00:04]} 16. Raf1 {[%emt 0:01:32]} Nc5 {[%emt 0:01:32]} 17. Qe3 {[%emt 0:06:16]} b5 {[%emt 0:03:45]} 18. Ng3 {[%emt 0:02:21]} g6 {[%emt 0:04:45]} 19. R5f3 {[%emt 0:14:14]} Ne6 {[%emt 0:01:58]} 20. Nge2 {[%emt 0:02:28]} Ng4 {[%emt 0:03:24]} 21. Rf6 {[%emt 0:39:08]} Rf7 22. Rxf7 {[%emt 0:00:00]} Rc8 {[%emt 0:57:38]} 23. Rf8+ Rxf8 {[%emt 0:00:00]} 24. Rf5 {[%emt 0:01:30]} Rf7 25. Rxf7 {[%emt 0:00:00]} Qf8 {[%emt 0:00:00]} *

[Event "Athens of East GM-Open 2019"]
[Site "Madurai"]
[Date "2019.08.12"]
[Round "2.14"]
[White "Sooraj M R"]
[Black "Rajesh, V A V"]
[Result "0-1"]
[WhiteElo "1934"]
[BlackElo "2368"]
[Annotator "TA"]
[PlyCount "114"]
[EventDate "2019.08.11"]
[EventType "swiss"]
[EventCountry "IND"]
[SourceTitle "playchess.com"]
[Source "ChessBase"]
[SourceQuality "1"]

{[%evp 9,114,-28,-8,-28,34,-10,15,9,15,18,24,12,16,22,10,-5,-8,-19,-4,-20,-2,0,0,0,0,-12,-12,-20,-20,-26,-21,-25,-12,-2124,-1112,-1748,-272,-1623,-12,-15,-11,-11,-12,-12,0,0,0,-15,-9,-23,-4,-11,-6,-20,-12,-30,-25,-27,-18,-25,-10,-20,-12,-6,0,-16,-18,-30,-24,-27,-14,-35,0,0,0,-14,-18,-44,-37,-61,-52,-54,-52,-58,-66,-82,-65,-56,-85,-476,-460,-460,-279,-433,-432,-872,-876,-922,-883,-1041,-974,-1188,-1148,-1132,-1106,-29987,-1054]} 1. e4 e5 2. Nc3 Nf6 3. Bc4 Bc5 4. d3 c6 5. Qf3 (5. Nf3 d6 6. h3 O-O 7. O-O Re8 8. Ne2 Nbd7 9. Ng3 Nf8 10. c3 Bb6 11. Bb3 Be6 12. a4 d5 13. Bg5 h6 14. Bxf6 Qxf6 {½-½ (94) Rapport,R (2731)-Kramnik,V (2777) Wijk aan Zee 2019}) 5... d6 (5... b5 $5 6. Bb3 $8 a5 $11) 6. Nge2 {C27: Vienna Game: 2...Nf6 3 Bc4 Nxe4} (6. a4 {looks sharper.} O-O 7. Bg5 Nbd7 8. Nge2 h6 9. Be3) 6... Be6 (6... Bg4 $11 7. Qg3 b5) 7. Be3 $146 ({Predecessor:} 7. h3 Nbd7 8. g4 Nb6 9. Bb3 a5 10. Bd2 Qe7 11. g5 Nfd7 12. h4 a4 13. Bxe6 fxe6 {1-0 (35) Lu,S (2616)-Tosic,M (2387) Novi Sad 2016}) 7... Bb4 8. a3 {The position is equal.} Ba5 9. Bxe6 fxe6 10. Qh3 Qe7 11. f4 Nbd7 12. O-O O-O 13. f5 exf5 14. Rxf5 Bb6 15. Bxb6 axb6 16. Raf1 Nc5 17. Qe3 b5 18. Ng3 g6 19. R5f3 Ne6 20. Nge2 Ng4 21. Rf6 $2 {[%mdl 8192]} (21. Rxf8+ $11 Rxf8 22. Rxf8+ Nxf8 23. Qg3) 21... Rxf6 22. Rxf6 Rc8 $2 (22... Nxe3 23. Rf3 Nxc2) 23. Rf1 $2 (23. Rxe6 Qxe6 24. Qa7) 23... Rf8 $2 (23... Nxe3 $19 24. Rf2 Nxc2) 24. Rxf8+ $11 Qxf8 25. Qg3 $1 {[%cal Rg3g4]} Nf6 26. Qf2 Ng4 27. Qg3 Nf6 28. Qf2 Kg7 29. h3 Nd7 30. Qe3 Qd8 31. Nd1 Qa5 {Hoping for ...Qe1+.} 32. c3 Qa4 33. Qd2 Nf6 34. Nf2 Qa7 35. d4 Qb6 36. Kf1 c5 {[%cal Re5d4]} 37. d5 Nf8 38. g4 c4 39. Ng3 Qd8 40. Qg5 Kh8 41. h4 Qe7 42. Qe3 N6d7 43. h5 Nc5 44. hxg6 hxg6 45. Qh6+ $1 Kg8 46. Ke2 Qg7 47. Qg5 Nh7 $36 {[%mdl 2048] White is under pressure.} 48. Qd8+ Qf8 49. Qb6 $2 {[%mdl 8192]} (49. Qxf8+ $17 {nothing else works.} Kxf8 50. Nf1) 49... Ng5 $19 50. Ke1 Nf3+ 51. Ke2 (51. Kf1 {only move.} Ng5 52. Kg1) 51... Ng1+ 52. Ke1 (52. Kf1 $142 Nh3 53. Ngh1) 52... Qf4 53. Qd8+ Kf7 $1 54. Qc7+ Ke8 55. Qc8+ Ke7 {( -> ...Qc1+)} 56. Qc7+ {[#]} Nd7 $1 57. Nf1 Qf3 {Accuracy: White = 33%, Black = 47%.} (57... Qc1+ $142 58. Nd1 Qc2 59. Ng3 Nf3+ 60. Kf1 Qxd1+ 61. Kg2 Ng5 62. Qxd7+ Kxd7 63. Kf2 Nh3+ 64. Kg2 Nf4+ 65. Kf2 Qd2+ {[%mdl 64] Double Attack} 66. Kf1 Qg2+ {[%mdl 64] Double Attack} 67. Ke1 Qxg3+ {[%mdl 64] Double Attack} 68. Kf1 {[#]} Qg2+ $1 {[%mdl 576] Double Attack} 69. Ke1 Qe2#) 0-1

[Event "Athens of East GM-Open 2019"]
[Site "Madurai"]
[Date "2019.08.12"]
[Round "2.15"]
[White "Raja Rithvik R"]
[Black "Ayushh Ravikumar"]
[Result "1-0"]
[WhiteElo "2357"]
[BlackElo "1946"]
[Annotator "TA"]
[PlyCount "91"]
[EventDate "2019.08.11"]
[EventType "swiss"]
[EventCountry "IND"]
[SourceTitle "playchess.com"]
[Source "ChessBase"]
[SourceQuality "1"]

{[%evp 11,91,35,52,-1,31,34,45,34,60,32,81,82,97,91,141,110,143,133,139,133,139,116,116,103,110,111,75,66,116,99,108,115,72,-110,-108,-88,-94,-144,-114,-101,0,0,27,20,29,0,27,36,40,28,41,59,63,74,114,92,119,108,93,76,161,160,249,237,452,433,690,683,683,659,900,686,860,667,773,781,996,981,1070,936,1307,1231]} 1. c4 e5 2. Nc3 Nc6 3. g3 Nf6 4. Bg2 Bb4 5. Nd5 Nxd5 6. cxd5 Ne7 7. a3 {A25: English Opening vs King's Indian with ...Nc6 but without early d3} (7. Nf3 $14) (7. e3 O-O 8. Ne2 c6 9. a3 Bd6 10. Nc3 Qa5 11. Ne4 Qc7 12. dxc6 dxc6 13. O-O a5 14. b3 Be6 {0-1 (27) Grischuk,A (2771)-Nepomniachtchi,I (2720) Moscow 2010}) 7... Bd6 8. d4 exd4 9. Qxd4 {White is slightly better.} O-O 10. e4 $146 ({Predecessor:} 10. Bd2 Re8 11. Bc3 f6 12. Rd1 b6 13. Nf3 Ba6 14. Qa4 Bb7 {1-0 (27) Voloshin,L (2420)-Lobejko,R (2215) Polanica Zdroj 1996}) 10... f6 11. Ne2 c6 12. O-O $36 {[%mdl 2048] Keeping Black busy.} c5 13. Qd3 b5 14. Qxb5 a5 {White must now prevent ...Ba6.} 15. Qa4 Ba6 16. Re1 Rb8 17. Bd2 Rxb2 18. Bxa5 Qc8 19. Nc3 Be5 20. Rab1 Rxb1 21. Rxb1 d6 22. f4 $2 (22. Nb5 $16 {keeps the pressure on.}) 22... Bd4+ $17 {[%mdl 1024] Black has strong compensation.} 23. Kh1 Bd3 {Strongly threatening ...Bxc3.} 24. Rb6 Qa8 {Threatens to win with ...Bxc3.} 25. Na2 Bc2 (25... f5 $17 26. Nc1 fxe4 27. Nxd3 exd3) 26. Qb5 $11 Bd3 27. Qxd3 Qxa5 28. Rb7 Ng6 29. Bf1 Ra8 30. Rb3 Qe1 {aiming for ...Qf2.} 31. Qe2 Qxe2 32. Bxe2 Ra7 33. Kg2 Kf7 34. Bb5 Ne7 35. a4 Nc8 (35... f5 $16) 36. Bc6 $18 c4 (36... Ne7 $16 {keeps fighting.} 37. Kf3 f5) 37. Rb8 Nb6 $2 {[#]} (37... Rc7 {might work better.} 38. a5 g5) 38. Be8+ $1 {White is clearly winning.} Kf8 (38... Ke7 $142 39. Nb4 Ra8) 39. Bh5+ Ke7 40. Nb4 c3 41. Nc6+ {[%mdl 64] Double Attack} Kd7 42. Nxd4 Kc7 43. Rg8 Rxa4 44. Nb5+ {[%mdl 64] [#] Double Attack} Kb7 45. Rxg7+ Ka6 46. Nxc3 {Accuracy: White = 51%, Black = 25%.} 1-0